The Children's best friend. (Record no. 13999)
[ view plain ]
| 000 -LEADER | |
|---|---|
| fixed length control field | 00576cam a22002052 4500 |
| 001 - CONTROL NUMBER | |
| control field | 0000005429 |
| 005 - DATE AND TIME OF LATEST TRANSACTION | |
| control field | 20151217160102.0 |
| 008 - FIXED-LENGTH DATA ELEMENTS--GENERAL INFORMATION | |
| fixed length control field | 070614s xx 000 0 eng d |
| 020 ## - INTERNATIONAL STANDARD BOOK NUMBER | |
| International Standard Book Number | 8472083047 : |
| 040 ## - CATALOGING SOURCE | |
| Original cataloging agency | KABU |
| Transcribing agency | KABU |
| 050 #0 - LIBRARY OF CONGRESS CALL NUMBER | |
| Classification number | BT302 |
| Item number | .L67 |
| 100 1# - MAIN ENTRY--PERSONAL NAME | |
| Personal name | Lopes, Maria Augusta. |
| -- | 0000156747 |
| 245 14 - TITLE STATEMENT | |
| Title | The Children's best friend. |
| 260 ## - PUBLICATION, DISTRIBUTION, ETC. (IMPRINT) | |
| Place of publication, distribution, etc. | Madrid : |
| Name of publisher, distributor, etc. | Editorial Safeliz, |
| Date of publication, distribution, etc. | 2004. |
| 300 ## - PHYSICAL DESCRIPTION | |
| Extent | 102 p. |
| 908 ## - PUT COMMAND PARAMETER (RLIN) | |
| Put command parameter | 070614 |
| 950 ## - LOCAL HOLDINGS (RLIN) | |
| -- | 1 |
| Withdrawn status | Lost status | Source of classification or shelving scheme | Not for loan | Home library | Current library | Date acquired | Total Checkouts | Full call number | Barcode | Date last seen | Price effective from | Koha item type |
|---|---|---|---|---|---|---|---|---|---|---|---|---|
| Library of Congress Classification | Kabarak, Main Campus | Kabarak, Main Campus | 17/12/2015 | BT302 .L67 | 012992 | 17/12/2015 | 17/12/2015 | Children Collection | ||||
| Library of Congress Classification | Kabarak, Main Campus | Kabarak, Main Campus | 17/12/2015 | BT302 .L67 | 011892 | 17/12/2015 | 17/12/2015 | Children Collection |